| 000 | 00491nam a2200145 a 4500 | ||
|---|---|---|---|
| 008 | 120416s1959 ||||||||||||||||| || u | ||
| 050 | _aQE 369.O6 Ker | ||
| 100 | _aKerr, Paul Francis | ||
| 245 | 1 | 0 | _aOptical mineralogy |
| 250 | _a3rd ed. | ||
| 260 |
_aNew York _bMcGraw-Hill _c1959 |
||
| 300 | _axiv, 442p. : ill | ||
| 350 | _a0.00 | ||
| 995 |
_D0.00 _FCBU-MAIN LIBRARY (Kitwe) _H1 _I15.00 _UAVAILABLE _ZAnnex Low-Usage Collection |
||
| 999 |
_c52709 _d52709 |
||